00834nam a22001937a 4500003000900000008004100009040007100050082001800121100002400139245007100163260003300234300002800267440005800295505016600353650001600519650004100535650003200576650003200608AR-CdUCM190226b           ||||| |||| 00| 0 spa d  aMUNICIPALIDAD PROVINCIAL DEL CUSCOcBIBLIOTECA MUNICIPAL DEL CUSCO  a343.31 /bL65  aLinares, Octavio M.  aDemocracia representativa sistema marxista democracia del futuro /  aCuzco :bH.G. Rozas ,c1964.  a127 páginas ;c22 cm.  aIII congreso latinoamericano de facultades de derecho  aTemas relacionados con la democracia representativa -- Preservación constitucional de la paz  -- Responsabilidad interna del estado -- Técnica legislativa...  aDemocracia.  aPreservación de la constitución.  aResponsabilidad del estado.  aDemocracia representativa. 